000 00290nam a2200133 i 4500
001 bg
245 0 _aMateriałoznawstwo :
_blaboratorium.
250 _aWyd.2.
260 _aRzeszów,
_c1983.
040 _cBPK
041 _apol
942 _cKS
008 s pl f |000 0 pol
999 _c22048
_d22048
856 _uhttp://koha.tu.koszalin.pl/cgi-bin/koha/opac-detail.pl?biblionumber=22048
_yKatalog online BPK